Hertha BSC Squad 2016-2017 - Statistics

General Stats
  • This quiz has been taken 8 times
  • The average score is 20 of 28
Answer Stats
# Position Nation Player % Correct
24 FW Japan Genki Haraguchi
100%
10 MF Slovakia Ondrej Duda
100%
2 DF Slovakia Peter Pekarík
100%
22 GK Norway Rune Jarstein
100%
8 FW Ivory Coast Salomon Kalou
100%
19 FW Bosnia and Herzegovina Vedad Ibišević
100%
6 MF Czech Republic Vladimír Darida
100%
28 MF Switzerland Fabian Lustenberger
80%
25 DF United States John Brooks
80%
21 DF Germany Marvin Plattenhardt
80%
5 DF Germany Niklas Stark
80%
- Coach Hungary Pál Dárdai
80%
3 MF Norway Per Ciljan Skjelbred
80%
15 DF Germany Sebastian Langkamp
80%
1 GK Germany Thomas Kraft
80%
9 MF Germany Alexander Baumjohann
60%
20 MF Brazil Allan
60%
13 MF Germany Jens Hegeler
60%
40 DF Nigeria Jordan Torunarigha
60%
16 FW Germany Julian Schieber
60%
34 DF Germany Maximilian Mittelstädt
60%
29 GK Germany Nils Körber
60%
11 FW Tunisia Sami Allagui
60%
14 MF Switzerland Valentin Stocker
60%
7 FW Germany Alexander Esswein
40%
31 MF Germany Florian Kohls
20%
23 DF Germany Mitchell Weiser
20%
18 FW Germany Sinan Kurt
20%
No matching quizzes found
Score Distribution
Percent of People with Each Score
Percentile by Number Answered
Your Score History
You have not taken this quiz